| 000 | 01011cam a2200289 i 4500 | ||
|---|---|---|---|
| 999 |
_c66424 _d66424 |
||
| 001 | 66424 | ||
| 003 | Mx-PuUPA | ||
| 005 | 20200924123641.0 | ||
| 008 | 161021s1989 mx r 000 0 spa d | ||
| 020 | _a9682315417 | ||
| 040 |
_aMx-PuUPA _bspa _cMx-PuUPA _dMx-PuUPA _erda |
||
| 041 | 0 | _aspa | |
| 100 | 1 |
_aOtero, Carlos Peregrín, _d1930- _eautor _92939 |
|
| 245 | 1 | 0 |
_aIntroducción a la lingüística transformacional : _b(restrospectiva de una confluencia) / _cpor Carlos-Peregrín Otero. |
| 250 | _aSexta edición corregida | ||
| 264 | 1 |
_aMéxico, D. F. : _bSiglo Veintiuno Editores, _c1989 |
|
| 300 |
_axxxvi, 300 páginas ; _c21 cm. |
||
| 336 |
_atexto _2rdacontent _btxt |
||
| 337 |
_asin medio _2rdamedia _bn |
||
| 338 |
_avolumen _2rdacarrier _bnc |
||
| 650 | 4 | _aLingüistica estructural | |
| 650 | 4 |
_aGramática generativa _xHistoria |
|
| 650 | 4 | _aLingüística matemática | |
| 650 | 4 |
_aLenguaje y lenguas _xFilosofía |
|
| 942 |
_2ddc _cLI _h412 _iO873 |
||